ONLINE PUBLIC ACCESS CATALOG(OPAC)

Target high M.Sc. entrance one nation book for M.Sc. and Ph. D. entrance faculty exam (Record no. 64144)

MARC details
000 -LEADER
fixed length control field 00517nam a2200169Ia 4500
008 - FIXED-LENGTH DATA ELEMENTS--GENERAL INFORMATION
fixed length control field 251210s2024 xx 000 0 und d
020 ## - INTERNATIONAL STANDARD BOOK NUMBER
International Standard Book Number 9789394525818
041 ## - LANGUAGE CODE
Language code of text/sound track or separate title eng
082 ## - DEWEY DECIMAL CLASSIFICATION NUMBER
Classification number 610.73 SRI
100 ## - MAIN ENTRY--PERSONAL NAME
Personal name Srinivasan, Muthuvenkatachalam and Vebugopal, Ambili M
245 ## - TITLE STATEMENT
Title Target high M.Sc. entrance one nation book for M.Sc. and Ph. D. entrance faculty exam
250 ## - EDITION STATEMENT
Edition statement 2nd ed.
260 ## - PUBLICATION, DISTRIBUTION, ETC.
Place of publication, distribution, etc. New Delhi
Name of publisher, distributor, etc. CBS publishers and Distributors
Date of publication, distribution, etc. 2024
300 ## - PHYSICAL DESCRIPTION
Extent 923p
365 ## - TRADE PRICE
Currency code RS
650 ## - SUBJECT ADDED ENTRY--TOPICAL TERM
Topical term or geographic name entry element General books
Holdings
Withdrawn status Lost status Damaged status Not for loan Home library Current library Shelving location Date acquired Source of acquisition Cost, normal purchase price Total Checkouts Full call number Barcode Date last seen Price effective from Koha item type
        College of Nursing College of Nursing RCS4 27/10/2025 CBS publishers and distributors 1595.00   610.73 SRI CN5851 10/12/2025 10/12/2025 Circulation

Powered by Koha